Geography Quiz

Random Geography or Blitz Quiz

Aquatic Country Quest Quiz Stats

Quiz Updated May 13, 2013

Challenge
Share
Tweet
Embed
Score 0/25 Timer 03:00
6 Plays Today
% Correct
Mexico✔
97.6%
Mediterranean✔
96.9%
Arctic✔
96.5%
South China✔
96.5%
Caribbean✔
94.2%
Celtic✔
92.8%
North✔
92.1%
Baltic✔
91.6%
Chad✔
90.9%
Persian✔
90.8%
Bering✔
89.4%
Bengal✔
88.9%
Red✔
88.8%
% Correct
Black✔
88.4%
Yellow✔
87.5%
Caspian✔
80.2%
Victoria✔
75.8%
Tasman✔
75.6%
Arabian✔
74.9%
Labrador✔
74.8%
Coral✔
69.1%
Titicaca✔
66.1%
Guinea✔
63.1%
Tanganyika✔
52.3%
Nyasa✔
44%

You're not logged in!

Compare scores with friends on all Sporcle quizzes.
Sign Up with Email
OR
Log In

You Might Also Like...

Show Comments

Extras

Top Quizzes Today


Score Distribution

Your Account Isn't Verified!

In order to create a playlist on Sporcle, you need to verify the email address you used during registration. Go to your Sporcle Settings to finish the process.